Direito do consumidor : (Record no. 834)

MARC details
000 -LÍDER
Campo Fixo de Controle 00759nam a2200241 a 4500
001 - NÚMERO DE CONTROLE
Campo de Controle 834
003 - IDENTIFICAÇÃO DO NÚMERO DE CONTROLE
Campo de Controle BR-CuiBMT
005 - DATA E HORA DA ÚLTIMA ATUALIZAÇÃO
Campo de Controle 20231129064142.0
008 - DADOS FIXOS
Dados Fixos 231121s2015 baba 000 0 por d
020 ## - INTERNATIONAL STANDARD BOOK NUMBER
Nº do ISBN 8544202965
040 ## - AGÊNCIA CATALOGADORA
Código da Agência Catalogadora BR-CuiBMT
Agência que transcreveu o registro BR-CuiBMT
080 ## - Nº DA CLASSIFICAÇÃO DECIMAL UNIVERSAL
Nº edição CDU 2007
Nº Class. CDU 336.5
090 ## - NÚMERO DE CHAMADA
Nº classificação 336.5
Cutter G216d
Ano/Edição 11. ed.
100 1# - ENTRADA PRINCIPAL -- AUTOR PESSOAL
Nome pessoal Garcia, Leonardo de Medeiros,
Datas associadas ao nome 1977-
245 10 - TÍTULO PRINCIPAL
Título principal Direito do consumidor :
Subtítulo código comentado e jurisprudência /
Indicação de responsabilidade Leonardo de Medeiros Garcia.
250 ## - EDIÇÃO
Edição 11. ed., rev., ampl. e atual
260 ## - PUBLICAÇÃO, DISTRIBUIÇÃO, ETC.
Local de publicação Salvador :
Editora JusPODIVM,
Data 2015.
300 ## - DESCRIÇÃO FÍSICA
N. páginas ou volumes 677 p. :
Ilustrações il. ;
Dimensões 24 cm
504 ## - NOTA DE BIBLIOGRAFIA, ETC.
Nota de bibliografia Inclui bibliografia.
650 ## - ASSUNTO TÓPICO
Cabeçalho tópico ou nome geográfico Defesa do consumidor
Subdivisão de forma Legislação
Subdivisão geográfica Brasil
650 ## - ASSUNTO TÓPICO
Cabeçalho tópico ou nome geográfico Direito do consumidor
Subdivisão geográfica Brasil
942 ## - ELEMENTOS DE ENTRADA ADICIONAIS (KOHA)
Fonte de classificação ou esquema de arquivamento Classificação Decimal Universal
Tipo de item do Koha Livros
Holdings
Estado: removido Estado: perdido Fonte de classificação ou esquema de arquivamento Estado: danificado Indisponível para empréstimo Localização permanente Localização atual Data de aquisição Total Checkouts Número de Chamada completo Código de barras Date last seen Número do exemplar Preço efetivo a partir de Tipo de item (Koha)
    Classificação Decimal Universal     Biblioteca da Escola Superior de Contas do TCE/MT Biblioteca da Escola Superior de Contas do TCE/MT 17/06/2019   336.5 G216d 11. ed. BIBTCEMT23110774 21/11/2023 Ex. 1 21/11/2023 Livros
    Classificação Decimal Universal     Biblioteca da Escola Superior de Contas do TCE/MT Biblioteca da Escola Superior de Contas do TCE/MT 28/11/2023   336.5 G216d 11. ed. BIBTCEMT23111222 28/11/2023 Ex. 2 28/11/2023 Livros

Powered by Koha